<?xml version="1.0" encoding="UTF-8"?>
<collection xmlns="http://www.loc.gov/MARC21/slim">
 <record>
  <leader>01778nam a22002897a 4500</leader>
  <controlfield tag="001">NCT_27439</controlfield>
  <controlfield tag="008">180223b        xxu||||| |||| 00| 0 vie d</controlfield>
  <datafield tag="999" ind1=" " ind2=" ">
   <subfield code="c">1314</subfield>
   <subfield code="d">1314</subfield>
  </datafield>
  <datafield tag="020" ind1=" " ind2=" ">
   <subfield code="c">52000</subfield>
  </datafield>
  <datafield tag="082" ind1="0" ind2="4">
   <subfield code="2">23rd ed.</subfield>
   <subfield code="a">621.8</subfield>
   <subfield code="b">G454</subfield>
  </datafield>
  <datafield tag="245" ind1="0" ind2="0">
   <subfield code="a">Giáo trình nguyên lý máy</subfield>
   <subfield code="c">Bùi Lê Gôn (chủ biên), [et al.]</subfield>
  </datafield>
  <datafield tag="250" ind1=" " ind2=" ">
   <subfield code="a">Tái bản</subfield>
  </datafield>
  <datafield tag="260" ind1=" " ind2=" ">
   <subfield code="a">H.</subfield>
   <subfield code="b">Xây dựng</subfield>
   <subfield code="c">2012</subfield>
  </datafield>
  <datafield tag="300" ind1=" " ind2=" ">
   <subfield code="a">163 tr.</subfield>
   <subfield code="b">Hình vẽ</subfield>
   <subfield code="c">27cm</subfield>
  </datafield>
  <datafield tag="500" ind1=" " ind2=" ">
   <subfield code="a">Đầu trang bìa ghi: Trường Đại học Xây Dựng</subfield>
  </datafield>
  <datafield tag="520" ind1=" " ind2=" ">
   <subfield code="a">Nội dung nghiên cứu khái niệm cơ bản máy học, nguyên lý học thống kê, ứng dụng nhận dạng chữ viết tay, phân lớp dữ liệu văn bản.</subfield>
  </datafield>
  <datafield tag="653" ind1=" " ind2=" ">
   <subfield code="a">Công nghệ kỹ thuật ô tô</subfield>
  </datafield>
  <datafield tag="700" ind1="1" ind2=" ">
   <subfield code="a">Nguyễn Xuân Chính</subfield>
  </datafield>
  <datafield tag="700" ind1="1" ind2=" ">
   <subfield code="a">Ngô Thanh Long</subfield>
  </datafield>
  <datafield tag="700" ind1="1" ind2=" ">
   <subfield code="a">Lê Hồng Chương</subfield>
  </datafield>
  <datafield tag="942" ind1=" " ind2=" ">
   <subfield code="2">ddc</subfield>
   <subfield code="c">BK</subfield>
  </datafield>
  <datafield tag="952" ind1=" " ind2=" ">
   <subfield code="0">0</subfield>
   <subfield code="1">0</subfield>
   <subfield code="2">ddc</subfield>
   <subfield code="4">0</subfield>
   <subfield code="6">621_800000000000000_G454</subfield>
   <subfield code="7">0</subfield>
   <subfield code="9">6639</subfield>
   <subfield code="a">000001</subfield>
   <subfield code="b">000001</subfield>
   <subfield code="d">2018-02-23</subfield>
   <subfield code="o">621.8 G454</subfield>
   <subfield code="p">MD.09774</subfield>
   <subfield code="r">2018-02-23</subfield>
   <subfield code="v">52000.00</subfield>
   <subfield code="w">2018-02-23</subfield>
   <subfield code="y">BK</subfield>
  </datafield>
  <datafield tag="952" ind1=" " ind2=" ">
   <subfield code="0">0</subfield>
   <subfield code="1">0</subfield>
   <subfield code="2">ddc</subfield>
   <subfield code="4">0</subfield>
   <subfield code="6">621_800000000000000_G454</subfield>
   <subfield code="7">0</subfield>
   <subfield code="9">8353</subfield>
   <subfield code="a">000001</subfield>
   <subfield code="b">000001</subfield>
   <subfield code="d">2018-05-22</subfield>
   <subfield code="l">4</subfield>
   <subfield code="o">621.8 G454</subfield>
   <subfield code="p">MD.09775</subfield>
   <subfield code="r">2020-06-15</subfield>
   <subfield code="s">2020-06-09</subfield>
   <subfield code="v">52000.00</subfield>
   <subfield code="w">2018-05-22</subfield>
   <subfield code="y">BK</subfield>
  </datafield>
  <datafield tag="952" ind1=" " ind2=" ">
   <subfield code="0">0</subfield>
   <subfield code="1">0</subfield>
   <subfield code="2">ddc</subfield>
   <subfield code="4">0</subfield>
   <subfield code="6">621_800000000000000_G454</subfield>
   <subfield code="7">0</subfield>
   <subfield code="9">8354</subfield>
   <subfield code="a">000001</subfield>
   <subfield code="b">000001</subfield>
   <subfield code="d">2018-05-22</subfield>
   <subfield code="o">621.8 G454</subfield>
   <subfield code="p">MD.09776</subfield>
   <subfield code="r">2018-05-22</subfield>
   <subfield code="v">52000.00</subfield>
   <subfield code="w">2018-05-22</subfield>
   <subfield code="y">BK</subfield>
  </datafield>
  <datafield tag="952" ind1=" " ind2=" ">
   <subfield code="0">0</subfield>
   <subfield code="1">0</subfield>
   <subfield code="2">ddc</subfield>
   <subfield code="4">0</subfield>
   <subfield code="6">621_800000000000000_G454</subfield>
   <subfield code="7">0</subfield>
   <subfield code="9">8355</subfield>
   <subfield code="a">000001</subfield>
   <subfield code="b">000001</subfield>
   <subfield code="d">2018-05-22</subfield>
   <subfield code="l">5</subfield>
   <subfield code="m">1</subfield>
   <subfield code="o">621.8 G454</subfield>
   <subfield code="p">MD.09777</subfield>
   <subfield code="r">2020-05-18</subfield>
   <subfield code="s">2020-05-07</subfield>
   <subfield code="v">52000.00</subfield>
   <subfield code="w">2018-05-22</subfield>
   <subfield code="y">BK</subfield>
  </datafield>
  <datafield tag="952" ind1=" " ind2=" ">
   <subfield code="0">0</subfield>
   <subfield code="1">0</subfield>
   <subfield code="2">ddc</subfield>
   <subfield code="4">0</subfield>
   <subfield code="6">621_800000000000000_G454</subfield>
   <subfield code="7">0</subfield>
   <subfield code="9">8356</subfield>
   <subfield code="a">000001</subfield>
   <subfield code="b">000001</subfield>
   <subfield code="d">2018-05-22</subfield>
   <subfield code="l">5</subfield>
   <subfield code="m">1</subfield>
   <subfield code="o">621.8 G454</subfield>
   <subfield code="p">MD.09778</subfield>
   <subfield code="r">2020-06-08</subfield>
   <subfield code="s">2020-06-04</subfield>
   <subfield code="v">52000.00</subfield>
   <subfield code="w">2018-05-22</subfield>
   <subfield code="y">BK</subfield>
  </datafield>
  <datafield tag="980" ind1=" " ind2=" ">
   <subfield code="a">Thư viện Trường Đại học Nam Cần Thơ</subfield>
  </datafield>
 </record>
</collection>
